| 000 | 00478nam a22001697a 4500 | ||
|---|---|---|---|
| 003 | OSt | ||
| 005 | 20140310182158.0 | ||
| 008 | 130902t xxu||||| |||| 00| 0 eng d | ||
| 050 |
_aMT 733 _b.R951 1961 |
||
| 082 |
_aHS 784. _b193 R89 1961 |
||
| 100 |
_aRusch, Harold _916096 |
||
| 245 |
_aHal Leonard : _cRusch, Harold _bintermediate band method / |
||
| 260 |
_aMinnesota : _bHal Leonard Music, Inc, _cc1961. |
||
| 300 |
_a44 p. _bill. ; |
||
| 942 |
_2lcc _cHS |
||
| 999 |
_c10148 _d10148 |
||